25-滋賀県の市町村クイズ - Statistics

General Stats
  • This quiz has been taken 3,385 times
    3,151 since last reset
  • The average score is 12 of 19
Answers on the Map
Answers color-coded by a green-red scale on the quiz's map according to % correct below.
 
Answer Stats
Answer % Correct
大津おおつ
90%
長浜ながはま
85%
高島たかしま
83%
彦根ひこね
80%
米原まいばら
80%
甲賀こうか
72%
草津くさつ
69%
東近江ひがしおうみ
66%
近江八幡おうみはちまん
65%
守山もりやま
59%
野洲やす
57%
栗東りっとう
54%
多賀たがちょう
47%
湖南こなん
46%
日野ひのちょう
46%
愛荘あいしょうちょう
45%
豊郷とよさとちょう
42%
竜王りゅうおうちょう
40%
甲良こうらちょう
37%
No matching quizzes found
Score Distribution
Percent of People with Each Score
Percentile by Number Answered
Your Score History
You have not taken this quiz since the last reset